| Tag |
First Indicator |
Second Indicator |
Subfields |
| LEADER |
00000cam a2200000Ia 4500 |
| 001 |
in00001835708 |
| 005 |
20151026095453.0 |
| 008 |
040618s2004 mdu b 001 0 eng d |
| 020 |
|
|
|a 0761827951 (pbk. : alk. ppr.)
|
| 035 |
|
|
|a (OCoLC)ocm55673211
|
| 040 |
|
|
|a VYF
|c VYF
|d TXA
|d UtOrBLW
|
| 049 |
|
|
|a TXAM
|
| 090 |
|
|
|a JF1525.I6
|b P37 2004
|
| 100 |
1 |
|
|a Parker, Johnson.
|
| 245 |
1 |
0 |
|a Secrets of a century :
|b the influence of espionage & secret agreements /
|c Johnson Parker.
|
| 264 |
|
1 |
|a Lanham, MD :
|b University Press of America,
|c [2004]
|
| 264 |
|
4 |
|c ©2004
|
| 300 |
|
|
|a v, 236 pages ;
|c 22 cm.
|
| 336 |
|
|
|a text
|b txt
|2 rdacontent
|
| 337 |
|
|
|a unmediated
|b n
|2 rdamedia
|
| 338 |
|
|
|a volume
|b nc
|2 rdacarrier
|
| 504 |
|
|
|a Includes bibliographical references (pages [222]-226) and index.
|
| 650 |
|
0 |
|a Espionage
|x History
|y 20th century.
|
| 650 |
|
0 |
|a Official secrets
|x History
|y 20th century.
|
| 650 |
|
0 |
|a Cold War
|x History.
|
| 994 |
|
|
|a E0
|b TXA
|
| 948 |
|
|
|a cataloged
|b h
|c 2004/8/18
|d c
|e jlanham
|f 1:44:13 pm
|
| 999 |
|
|
|a MARS
|
| 999 |
f |
f |
|s 8e2e1857-b695-3961-865f-459d123400b0
|i 49254ef1-4f5b-3936-a2cf-2576a140e52f
|t 0
|
| 952 |
f |
f |
|p ric
|a Texas A&M University
|b Rellis Campus
|c Joint Library Facility
|d Remote Storage
|t 0
|e JF1525.I6 P37 2004
|h Library of Congress classification
|i unmediated -- volume
|m A14831305618
|
| 998 |
f |
f |
|a JF1525.I6 P37 2004
|t 0
|l Remote Storage
|